1776 1912 1480 1356 1550 1212 1476 1766 1194 1524 1701 1683 1845 1143 1682 1749 1068 1054 1219 1035 1411 1123 1786 1995 1550 1723 1597 1912 1708 1433 1545 1848 1841 1161 1314 1830 1445 1612 1842 1210 1124 1642 1340 1162 1608 1437 1776 1766 1187 1678 1124 1226 1460 1801 1445 1693 1944 1289 1889 1331 1047 1651 1052 1440 1344 1741 1625 1037 1806 1386 1849 1820 1415 1076 1561 1801 1176 1431 1869 1468 1991 1681 1176 1700 1556 1232 1165 1197 1160 1884 1682 1330 1136 1086 1634 1216 1764 1239 1615 BCNSPRNW ULIB Ver.6.0+V

เปลี่ยนเป็นภาษาไทย

Change to English
 แสดงรายละเอียดบรรณานุกรม
  กลับหน้าหลัก

Brief Record : Get Marc (ISO 2709) : E-mail record : QR code < ปิดหน้าต่าง
LEADER : 00000nam 2200000uu 4500
001    13399114375
003     ULIB
008    110719s||||||||th 000 0 tha d
020    9789748327761
099    นว.^bค949ส ล.7
100 1  โยชิคาวะ, เอจิ
245 10 สามก๊ก 7 พิสูจน์ใจกวนอู/^cเอจิ โยชิคาวะ, เรื่อง ; จัน สัมฤทธิ์, แปล
250    พิมพ์ครั้งที่ 2
260    กรุงเทพฯ :^bอมรินทร์คอมมิกส์,^c2550
300    194 หน้า
650  4 สามก๊ก^xการ์ตูน
650  4 วรรณกรรมสำหรับเด็ก
650  4 วรรณกรรมจีน^xการ์ตูน
651  4 จีน^xประวัติศาสตร์^xการ์ตูน
700 0  จัน สัมฤทธิ์
945    ^p158^l0^i024707
995    ทศพร
999 ^a ใช้งานได้ทุกระบบ
รายการนี้ยังไม่มีแท็ก
คุณยังไม่ได้ล็อกอิน คุณสามารถมีกิจกรรมร่วมกับเว็บไซต์ได้ แต่ต้องล็อกอินก่อน ::
  ล็อกอิน

รายการสื่อสารสนเทศ

ลำดับที่ ประเภท เลขเรียก/บาร์โค้ด สถานที่ สถานะ
1. นวนิยาย
นวนิยาย
นว. ค949ส ล.7 ฉ.1 
  Barcode: 024707
ห้องสมุดวิทยาเขตสวรรค์ประชารักษ์
►ส่วนจัดเก็บหนังสือเก่า สปร
บนชั้น
  ขอยืม

รายการใกล้เคียง
    ผู้แต่ง [โยชิคาวะ, เอจิ]

    หัวเรื่อง [วรรณกรรมสำหรับเด็ก]

BibComment


ยังไม่เคยถูกคอมเมนท์

คอมเมนท์ทรัพยากรรายการนี้
  คอมเมนท์: สามก๊ก 7 พิสูจน์..


 Copyright 2026. Bcnsprnw @Library